<?xml version="1.0" encoding="UTF-8"?>
<record
    xmlns:xsi="http://www.w3.org/2001/XMLSchema-instance"
    xsi:schemaLocation="http://www.loc.gov/MARC21/slim http://www.loc.gov/standards/marcxml/schema/MARC21slim.xsd"
    xmlns="http://www.loc.gov/MARC21/slim">

  <leader>00408nam a2200157   4500</leader>
  <controlfield tag="003">SEACOMEC</controlfield>
  <controlfield tag="005">20250204121022.0</controlfield>
  <controlfield tag="008">250204b        |||||||| |||| 00| 0 eng d</controlfield>
  <datafield tag="020" ind1=" " ind2=" ">
    <subfield code="a">978-8184043686</subfield>
    <subfield code="c">500.00</subfield>
  </datafield>
  <datafield tag="040" ind1=" " ind2=" ">
    <subfield code="a">SEACOMEC</subfield>
  </datafield>
  <datafield tag="082" ind1=" " ind2=" ">
    <subfield code="a">005.183</subfield>
    <subfield code="b">B422</subfield>
  </datafield>
  <datafield tag="100" ind1=" " ind2=" ">
    <subfield code="a"> Beighley ,  Lynn</subfield>
  </datafield>
  <datafield tag="245" ind1=" " ind2=" ">
    <subfield code="a">Head First SQL </subfield>
    <subfield code="c">/  Lynn Beighley </subfield>
  </datafield>
  <datafield tag="260" ind1=" " ind2=" ">
    <subfield code="a">Mumbai  :</subfield>
    <subfield code="b">Shroff Publishers</subfield>
    <subfield code="c">2007 </subfield>
  </datafield>
  <datafield tag="942" ind1=" " ind2=" ">
    <subfield code="c">BOOK</subfield>
  </datafield>
  <datafield tag="952" ind1=" " ind2=" ">
    <subfield code="0">0</subfield>
    <subfield code="1">0</subfield>
    <subfield code="2">ddc</subfield>
    <subfield code="4">0</subfield>
    <subfield code="7">0</subfield>
    <subfield code="a">SEACOMEC</subfield>
    <subfield code="b">SEACOMEC</subfield>
    <subfield code="d">2008-08-02</subfield>
    <subfield code="l">0</subfield>
    <subfield code="o">005.1833 B422</subfield>
    <subfield code="p">12662</subfield>
    <subfield code="r">2025-02-04 12:08:43</subfield>
    <subfield code="w">2025-02-04</subfield>
    <subfield code="y">BOOK</subfield>
  </datafield>
  <datafield tag="952" ind1=" " ind2=" ">
    <subfield code="0">0</subfield>
    <subfield code="1">0</subfield>
    <subfield code="2">ddc</subfield>
    <subfield code="4">0</subfield>
    <subfield code="7">0</subfield>
    <subfield code="a">SEACOMEC</subfield>
    <subfield code="b">SEACOMEC</subfield>
    <subfield code="d">2008-08-02</subfield>
    <subfield code="l">0</subfield>
    <subfield code="o">005.1833 B422</subfield>
    <subfield code="p">12663</subfield>
    <subfield code="r">2025-02-04 12:08:43</subfield>
    <subfield code="t">1</subfield>
    <subfield code="w">2025-02-04</subfield>
    <subfield code="y">BOOK</subfield>
  </datafield>
  <datafield tag="952" ind1=" " ind2=" ">
    <subfield code="0">0</subfield>
    <subfield code="1">0</subfield>
    <subfield code="2">ddc</subfield>
    <subfield code="4">0</subfield>
    <subfield code="7">0</subfield>
    <subfield code="a">SEACOMEC</subfield>
    <subfield code="b">SEACOMEC</subfield>
    <subfield code="d">2008-08-02</subfield>
    <subfield code="l">0</subfield>
    <subfield code="o">005.1833 B422</subfield>
    <subfield code="p">12664</subfield>
    <subfield code="r">2025-02-04 12:08:43</subfield>
    <subfield code="t">2</subfield>
    <subfield code="w">2025-02-04</subfield>
    <subfield code="y">BOOK</subfield>
  </datafield>
  <datafield tag="952" ind1=" " ind2=" ">
    <subfield code="0">0</subfield>
    <subfield code="1">0</subfield>
    <subfield code="2">ddc</subfield>
    <subfield code="4">0</subfield>
    <subfield code="7">0</subfield>
    <subfield code="a">SEACOMEC</subfield>
    <subfield code="b">SEACOMEC</subfield>
    <subfield code="d">2008-08-02</subfield>
    <subfield code="l">0</subfield>
    <subfield code="o">005.1833 B422</subfield>
    <subfield code="p">12665</subfield>
    <subfield code="r">2025-02-04 12:08:43</subfield>
    <subfield code="t">3</subfield>
    <subfield code="w">2025-02-04</subfield>
    <subfield code="y">BOOK</subfield>
  </datafield>
  <datafield tag="952" ind1=" " ind2=" ">
    <subfield code="0">0</subfield>
    <subfield code="1">0</subfield>
    <subfield code="2">ddc</subfield>
    <subfield code="4">0</subfield>
    <subfield code="7">0</subfield>
    <subfield code="a">SEACOMEC</subfield>
    <subfield code="b">SEACOMEC</subfield>
    <subfield code="d">2008-08-02</subfield>
    <subfield code="l">0</subfield>
    <subfield code="o">005.1833 B422</subfield>
    <subfield code="p">12666</subfield>
    <subfield code="r">2025-02-04 12:08:43</subfield>
    <subfield code="t">4</subfield>
    <subfield code="w">2025-02-04</subfield>
    <subfield code="y">BOOK</subfield>
  </datafield>
  <datafield tag="952" ind1=" " ind2=" ">
    <subfield code="0">0</subfield>
    <subfield code="1">0</subfield>
    <subfield code="2">ddc</subfield>
    <subfield code="4">0</subfield>
    <subfield code="7">0</subfield>
    <subfield code="a">SEACOMEC</subfield>
    <subfield code="b">SEACOMEC</subfield>
    <subfield code="d">2008-08-02</subfield>
    <subfield code="l">0</subfield>
    <subfield code="o">005.1833 B422</subfield>
    <subfield code="p">12667</subfield>
    <subfield code="r">2025-02-04 12:08:43</subfield>
    <subfield code="t">5</subfield>
    <subfield code="w">2025-02-04</subfield>
    <subfield code="y">BOOK</subfield>
  </datafield>
  <datafield tag="952" ind1=" " ind2=" ">
    <subfield code="0">0</subfield>
    <subfield code="1">0</subfield>
    <subfield code="2">ddc</subfield>
    <subfield code="4">0</subfield>
    <subfield code="7">0</subfield>
    <subfield code="a">SEACOMEC</subfield>
    <subfield code="b">SEACOMEC</subfield>
    <subfield code="d">2008-08-02</subfield>
    <subfield code="l">0</subfield>
    <subfield code="o">005.1833 B422</subfield>
    <subfield code="p">12668</subfield>
    <subfield code="r">2025-02-04 12:08:43</subfield>
    <subfield code="t">6</subfield>
    <subfield code="w">2025-02-04</subfield>
    <subfield code="y">BOOK</subfield>
  </datafield>
  <datafield tag="952" ind1=" " ind2=" ">
    <subfield code="0">0</subfield>
    <subfield code="1">0</subfield>
    <subfield code="2">ddc</subfield>
    <subfield code="4">0</subfield>
    <subfield code="7">0</subfield>
    <subfield code="a">SEACOMEC</subfield>
    <subfield code="b">SEACOMEC</subfield>
    <subfield code="d">2008-08-02</subfield>
    <subfield code="l">0</subfield>
    <subfield code="o">005.1833 B422</subfield>
    <subfield code="p">12669</subfield>
    <subfield code="r">2025-02-04 12:08:43</subfield>
    <subfield code="t">7</subfield>
    <subfield code="w">2025-02-04</subfield>
    <subfield code="y">BOOK</subfield>
  </datafield>
  <datafield tag="952" ind1=" " ind2=" ">
    <subfield code="0">0</subfield>
    <subfield code="1">0</subfield>
    <subfield code="2">ddc</subfield>
    <subfield code="4">0</subfield>
    <subfield code="7">0</subfield>
    <subfield code="a">SEACOMEC</subfield>
    <subfield code="b">SEACOMEC</subfield>
    <subfield code="d">2008-08-02</subfield>
    <subfield code="l">0</subfield>
    <subfield code="o">005.1833 B422</subfield>
    <subfield code="p">12670</subfield>
    <subfield code="r">2025-02-04 12:08:43</subfield>
    <subfield code="t">8</subfield>
    <subfield code="w">2025-02-04</subfield>
    <subfield code="y">BOOK</subfield>
  </datafield>
  <datafield tag="952" ind1=" " ind2=" ">
    <subfield code="0">0</subfield>
    <subfield code="1">0</subfield>
    <subfield code="2">ddc</subfield>
    <subfield code="4">0</subfield>
    <subfield code="7">0</subfield>
    <subfield code="a">SEACOMEC</subfield>
    <subfield code="b">SEACOMEC</subfield>
    <subfield code="d">2008-08-02</subfield>
    <subfield code="l">0</subfield>
    <subfield code="o">005.1833 B422</subfield>
    <subfield code="p">12671</subfield>
    <subfield code="r">2025-02-04 12:08:43</subfield>
    <subfield code="t">9</subfield>
    <subfield code="w">2025-02-04</subfield>
    <subfield code="y">BOOK</subfield>
  </datafield>
  <datafield tag="952" ind1=" " ind2=" ">
    <subfield code="0">0</subfield>
    <subfield code="1">0</subfield>
    <subfield code="2">ddc</subfield>
    <subfield code="4">0</subfield>
    <subfield code="7">0</subfield>
    <subfield code="a">SEACOMEC</subfield>
    <subfield code="b">SEACOMEC</subfield>
    <subfield code="d">2008-08-02</subfield>
    <subfield code="l">0</subfield>
    <subfield code="o">005.1833 B422</subfield>
    <subfield code="p">12672</subfield>
    <subfield code="r">2025-02-04 12:08:43</subfield>
    <subfield code="t">10</subfield>
    <subfield code="w">2025-02-04</subfield>
    <subfield code="y">BOOK</subfield>
  </datafield>
  <datafield tag="952" ind1=" " ind2=" ">
    <subfield code="0">0</subfield>
    <subfield code="1">0</subfield>
    <subfield code="2">ddc</subfield>
    <subfield code="4">0</subfield>
    <subfield code="7">0</subfield>
    <subfield code="a">SEACOMEC</subfield>
    <subfield code="b">SEACOMEC</subfield>
    <subfield code="d">2008-08-02</subfield>
    <subfield code="l">0</subfield>
    <subfield code="o">005.1833 B422</subfield>
    <subfield code="p">12673</subfield>
    <subfield code="r">2025-02-04 12:08:43</subfield>
    <subfield code="t">11</subfield>
    <subfield code="w">2025-02-04</subfield>
    <subfield code="y">BOOK</subfield>
  </datafield>
  <datafield tag="952" ind1=" " ind2=" ">
    <subfield code="0">0</subfield>
    <subfield code="1">0</subfield>
    <subfield code="2">ddc</subfield>
    <subfield code="4">0</subfield>
    <subfield code="7">0</subfield>
    <subfield code="a">SEACOMEC</subfield>
    <subfield code="b">SEACOMEC</subfield>
    <subfield code="d">2008-08-02</subfield>
    <subfield code="l">0</subfield>
    <subfield code="o">005.1833 B422</subfield>
    <subfield code="p">12674</subfield>
    <subfield code="r">2025-02-04 12:08:43</subfield>
    <subfield code="t">12</subfield>
    <subfield code="w">2025-02-04</subfield>
    <subfield code="y">BOOK</subfield>
  </datafield>
  <datafield tag="952" ind1=" " ind2=" ">
    <subfield code="0">0</subfield>
    <subfield code="1">0</subfield>
    <subfield code="2">ddc</subfield>
    <subfield code="4">0</subfield>
    <subfield code="7">0</subfield>
    <subfield code="a">SEACOMEC</subfield>
    <subfield code="b">SEACOMEC</subfield>
    <subfield code="d">2008-08-02</subfield>
    <subfield code="l">0</subfield>
    <subfield code="o">005.1833 B422</subfield>
    <subfield code="p">12675</subfield>
    <subfield code="r">2025-02-04 12:08:43</subfield>
    <subfield code="t">13</subfield>
    <subfield code="w">2025-02-04</subfield>
    <subfield code="y">BOOK</subfield>
  </datafield>
  <datafield tag="952" ind1=" " ind2=" ">
    <subfield code="0">0</subfield>
    <subfield code="1">0</subfield>
    <subfield code="2">ddc</subfield>
    <subfield code="4">0</subfield>
    <subfield code="7">0</subfield>
    <subfield code="a">SEACOMEC</subfield>
    <subfield code="b">SEACOMEC</subfield>
    <subfield code="d">2008-08-02</subfield>
    <subfield code="l">0</subfield>
    <subfield code="o">005.1833 B422</subfield>
    <subfield code="p">12676</subfield>
    <subfield code="r">2025-02-04 12:08:43</subfield>
    <subfield code="t">14</subfield>
    <subfield code="w">2025-02-04</subfield>
    <subfield code="y">BOOK</subfield>
  </datafield>
  <datafield tag="952" ind1=" " ind2=" ">
    <subfield code="0">0</subfield>
    <subfield code="1">0</subfield>
    <subfield code="2">ddc</subfield>
    <subfield code="4">0</subfield>
    <subfield code="7">0</subfield>
    <subfield code="a">SEACOMEC</subfield>
    <subfield code="b">SEACOMEC</subfield>
    <subfield code="d">2008-08-02</subfield>
    <subfield code="l">0</subfield>
    <subfield code="o">005.1833 B422</subfield>
    <subfield code="p">12677</subfield>
    <subfield code="r">2025-02-04 12:08:43</subfield>
    <subfield code="t">15</subfield>
    <subfield code="w">2025-02-04</subfield>
    <subfield code="y">BOOK</subfield>
  </datafield>
  <datafield tag="952" ind1=" " ind2=" ">
    <subfield code="0">0</subfield>
    <subfield code="1">0</subfield>
    <subfield code="2">ddc</subfield>
    <subfield code="4">0</subfield>
    <subfield code="7">0</subfield>
    <subfield code="a">SEACOMEC</subfield>
    <subfield code="b">SEACOMEC</subfield>
    <subfield code="d">2008-08-02</subfield>
    <subfield code="l">0</subfield>
    <subfield code="o">005.1833 B422</subfield>
    <subfield code="p">12678</subfield>
    <subfield code="r">2025-02-04 12:08:43</subfield>
    <subfield code="t">16</subfield>
    <subfield code="w">2025-02-04</subfield>
    <subfield code="y">BOOK</subfield>
  </datafield>
  <datafield tag="952" ind1=" " ind2=" ">
    <subfield code="0">0</subfield>
    <subfield code="1">0</subfield>
    <subfield code="2">ddc</subfield>
    <subfield code="4">0</subfield>
    <subfield code="7">0</subfield>
    <subfield code="a">SEACOMEC</subfield>
    <subfield code="b">SEACOMEC</subfield>
    <subfield code="d">2008-08-02</subfield>
    <subfield code="l">0</subfield>
    <subfield code="o">005.1833 B422</subfield>
    <subfield code="p">12679</subfield>
    <subfield code="r">2025-02-04 12:08:43</subfield>
    <subfield code="t">17</subfield>
    <subfield code="w">2025-02-04</subfield>
    <subfield code="y">BOOK</subfield>
  </datafield>
  <datafield tag="952" ind1=" " ind2=" ">
    <subfield code="0">0</subfield>
    <subfield code="1">0</subfield>
    <subfield code="2">ddc</subfield>
    <subfield code="4">0</subfield>
    <subfield code="7">0</subfield>
    <subfield code="a">SEACOMEC</subfield>
    <subfield code="b">SEACOMEC</subfield>
    <subfield code="d">2008-08-02</subfield>
    <subfield code="l">0</subfield>
    <subfield code="o">005.1833 B422</subfield>
    <subfield code="p">12680</subfield>
    <subfield code="r">2025-02-04 12:08:43</subfield>
    <subfield code="t">18</subfield>
    <subfield code="w">2025-02-04</subfield>
    <subfield code="y">BOOK</subfield>
  </datafield>
  <datafield tag="952" ind1=" " ind2=" ">
    <subfield code="0">0</subfield>
    <subfield code="1">0</subfield>
    <subfield code="2">ddc</subfield>
    <subfield code="4">0</subfield>
    <subfield code="7">0</subfield>
    <subfield code="a">SEACOMEC</subfield>
    <subfield code="b">SEACOMEC</subfield>
    <subfield code="d">2008-08-02</subfield>
    <subfield code="l">0</subfield>
    <subfield code="o">005.1833 B422</subfield>
    <subfield code="p">12681</subfield>
    <subfield code="r">2025-02-04 12:08:43</subfield>
    <subfield code="t">19</subfield>
    <subfield code="w">2025-02-04</subfield>
    <subfield code="y">BOOK</subfield>
  </datafield>
  <datafield tag="999" ind1=" " ind2=" ">
    <subfield code="c">1982</subfield>
    <subfield code="d">1982</subfield>
  </datafield>
</record>
